<?xml version='1.0' encoding='UTF-8'?>
  <record xmlns="http://www.loc.gov/MARC21/slim">
    <leader>00000cam a2200000 a 4500</leader>
    <controlfield tag="001">ocm17106177</controlfield>
    <controlfield tag="003">OCoLC</controlfield>
    <controlfield tag="005">20240202180208.2</controlfield>
    <controlfield tag="008">871113s1883    ne a     b    001 0 dut c</controlfield>
    <datafield tag="010" ind1=" " ind2=" ">
      <subfield code="a">   85666982 </subfield>
    </datafield>
    <datafield tag="040" ind1=" " ind2=" ">
      <subfield code="a">CGU</subfield>
      <subfield code="b">eng</subfield>
      <subfield code="c">CGU</subfield>
      <subfield code="d">OCL</subfield>
      <subfield code="d">OCLCG</subfield>
      <subfield code="d">OCLCQ</subfield>
      <subfield code="d">OCLCA</subfield>
      <subfield code="d">OCLCF</subfield>
      <subfield code="d">OCLCQ</subfield>
      <subfield code="d">OCLCO</subfield>
      <subfield code="d">OCLCQ</subfield>
      <subfield code="d">L2U</subfield>
      <subfield code="d">OCLCO</subfield>
      <subfield code="d">OCLCL</subfield>
    </datafield>
    <datafield tag="019" ind1=" " ind2=" ">
      <subfield code="a">943976387</subfield>
    </datafield>
    <datafield tag="029" ind1="1" ind2=" ">
      <subfield code="a">NLGGC</subfield>
      <subfield code="b">147290813</subfield>
    </datafield>
    <datafield tag="035" ind1=" " ind2=" ">
      <subfield code="a">(OCoLC)17106177</subfield>
      <subfield code="z">(OCoLC)943976387</subfield>
    </datafield>
    <datafield tag="041" ind1="1" ind2=" ">
      <subfield code="a">dut</subfield>
      <subfield code="h">fre</subfield>
    </datafield>
    <datafield tag="050" ind1="1" ind2=" ">
      <subfield code="a">QA90</subfield>
      <subfield code="b">.M25125x 1883</subfield>
    </datafield>
    <datafield tag="084" ind1=" " ind2=" ">
      <subfield code="a">30.03</subfield>
      <subfield code="2">bcl</subfield>
    </datafield>
    <datafield tag="100" ind1="1" ind2=" ">
      <subfield code="a">Marey, Etienne-Jules,</subfield>
      <subfield code="d">1830-1904.</subfield>
      <subfield code="1">https://id.oclc.org/worldcat/entity/E39PBJdrFyXq6mmXVGrVvDv8md</subfield>
    </datafield>
    <datafield tag="240" ind1="1" ind2="0">
      <subfield code="a">Méthode graphique dans les sciences expérimentales et principalement en physiologie et en médecine.</subfield>
      <subfield code="l">Dutch</subfield>
    </datafield>
    <datafield tag="245" ind1="1" ind2="3">
      <subfield code="a">De grafische methode :</subfield>
      <subfield code="b">haar aanwending in de statistiek en staathuishoudkunde op industrieel, handels- en natuurwetenschappelijk gebied en in 't bizonder in de geneeskunde en physiologie /</subfield>
      <subfield code="c">naar het fransch van E.J. Marey bewerkt en vermeerderd met een aantel voorbeelden betreffende de Grafische Statistiek van Nederland door F.M. Jaeger.</subfield>
    </datafield>
    <datafield tag="260" ind1=" " ind2=" ">
      <subfield code="a">'s Hage :</subfield>
      <subfield code="b">Henri J. Stemberg,</subfield>
      <subfield code="c">1883.</subfield>
    </datafield>
    <datafield tag="300" ind1=" " ind2=" ">
      <subfield code="a">668 pages :</subfield>
      <subfield code="b">illustrations ;</subfield>
      <subfield code="c">24 cm</subfield>
    </datafield>
    <datafield tag="336" ind1=" " ind2=" ">
      <subfield code="a">text</subfield>
      <subfield code="b">txt</subfield>
      <subfield code="2">rdacontent</subfield>
    </datafield>
    <datafield tag="337" ind1=" " ind2=" ">
      <subfield code="a">unmediated</subfield>
      <subfield code="b">n</subfield>
      <subfield code="2">rdamedia</subfield>
    </datafield>
    <datafield tag="338" ind1=" " ind2=" ">
      <subfield code="a">volume</subfield>
      <subfield code="b">nc</subfield>
      <subfield code="2">rdacarrier</subfield>
    </datafield>
    <datafield tag="500" ind1=" " ind2=" ">
      <subfield code="a">Translation of: La méthode graphique dans les sciences expérimentales et principalement en physiologie et en médecine.</subfield>
    </datafield>
    <datafield tag="504" ind1=" " ind2=" ">
      <subfield code="a">Includes bibliographical references and index.</subfield>
    </datafield>
    <datafield tag="650" ind1=" " ind2="0">
      <subfield code="a">Graphic methods.</subfield>
    </datafield>
    <datafield tag="650" ind1=" " ind2="6">
      <subfield code="a">Méthodes graphiques.</subfield>
    </datafield>
    <datafield tag="650" ind1=" " ind2="7">
      <subfield code="a">graphs.</subfield>
      <subfield code="2">aat</subfield>
    </datafield>
    <datafield tag="650" ind1=" " ind2="7">
      <subfield code="a">30.03 methods, techniques and organization of exact scientific research.</subfield>
      <subfield code="0">(NL-LeOCL)077601777</subfield>
      <subfield code="2">bcl</subfield>
    </datafield>
    <datafield tag="650" ind1=" " ind2="7">
      <subfield code="a">Graphic methods.</subfield>
      <subfield code="2">fast</subfield>
      <subfield code="0">(OCoLC)fst00946645</subfield>
    </datafield>
    <datafield tag="650" ind1="1" ind2="7">
      <subfield code="a">Graphic methods.</subfield>
      <subfield code="0">(NL-LeOCL)078524695</subfield>
      <subfield code="2">gtt</subfield>
    </datafield>
    <datafield tag="655" ind1=" " ind2="7">
      <subfield code="a">Educational tools (form)</subfield>
      <subfield code="0">(NL-LeOCL)088143767</subfield>
      <subfield code="2">gtt</subfield>
    </datafield>
    <datafield tag="700" ind1="1" ind2=" ">
      <subfield code="a">Jaeger, F. M.</subfield>
      <subfield code="q">(Francis Mauritius),</subfield>
      <subfield code="d">1877-</subfield>
      <subfield code="1">https://id.oclc.org/worldcat/entity/E39PBJqk7Ggddv3Tj4hVJr6dwC</subfield>
    </datafield>
    <datafield tag="758" ind1=" " ind2=" ">
      <subfield code="i">has work:</subfield>
      <subfield code="a">De grafische methode (Text)</subfield>
      <subfield code="1">https://id.oclc.org/worldcat/entity/E39PCGwPFykwjTkXTjJMR73jP3</subfield>
      <subfield code="4">https://id.oclc.org/worldcat/ontology/hasWork</subfield>
    </datafield>
    <datafield tag="776" ind1="0" ind2="8">
      <subfield code="i">Online version:</subfield>
      <subfield code="a">Marey, Etienne-Jules, 1830-1904.</subfield>
      <subfield code="s">Méthode graphique dans les sciences expérimentales et principalement en physiologie et en médecine. Dutch.</subfield>
      <subfield code="t">Grafische methode.</subfield>
      <subfield code="d">'s Hage : Henri J. Stemberg, 1883</subfield>
      <subfield code="w">(OCoLC)674293223</subfield>
    </datafield>
  </record>